| 000 | 00590nam a2200169 a 4500 | ||
|---|---|---|---|
| 008 | 120416s1964 ||||||||||||||||| || u | ||
| 050 | _aHD 82 Alp | ||
| 100 | _aAlpert, Paul | ||
| 245 | 1 | 0 | _aEconomic development |
| 246 | _aobjectives and methods | ||
| 260 |
_a[New York] _bFree Press of Glencoe _c[1964] |
||
| 300 | _a[xii], 308p. : ill. | ||
| 350 | _a0.00 | ||
| 650 | 0 | _aMANAGEMENT | |
| 650 | 0 | _aECONOMIC DEVELOPMENT--AFRICA, SUB-SAHARAN | |
| 995 |
_D0.00 _FCBU-MAIN LIBRARY (Kitwe) _H1 _I0.00 _M1 _UDAMAGED _ZMain Library Open Access Collection |
||
| 999 |
_c40778 _d40778 |
||